000 00399nam a2200181Ia 4500
001 1146
005 20260306140610.0
008 260306t2018||||xx |||||||||||||| ||spa||
041 _aESP
082 _a185
_bA72 2018
100 _aAristóteles
_eAUT
245 0 _aRetórica
260 _c2018
300 _a346 páginas :
_c18 cm.
650 _aGEN
654 _aCHU
942 _cLIB
_dJUS
_fJUS
_2ddc
_n
999 _c1146
_d1146